08 - Municipios de Barcelona (Click Map) - Estadísticas

Estadísticas generales
  • Esta prueba ha sido intentada 141 veces
  • La puntuación promedio es 51 de 311
Respuestas en el mapa
Las respuestas están codificadas por una escala verde-roja en el mapa de la prueba según el % correcto abajo.
 
Estadísticas de respuestas
Respuesta % Correcto
Barcelona
80%
Castelldefels
60%
Badalona
57%
L'Hospitalet de Llobregat
57%
Gavà
46%
Sant Cugat del Vallès
46%
El Prat de Llobregat
43%
Terrassa
43%
Cornellà de Llobregat
40%
Santa Coloma de Gramenet
40%
Sant Adrià de Besòs
40%
Sitges
40%
Vilanova i la Geltrú
40%
Badia del Vallès
37%
Cerdanyola del Vallès
37%
Mataró
37%
Sabadell
37%
Esplugues de Llobregat
34%
Montcada i Reixac
34%
Viladecans
34%
Montgat
31%
Sant Boi de Llobregat
31%
Sant Pere de Ribes
31%
Barberà del Vallès
29%
Begues
29%
Cubelles
29%
El Masnou
29%
Ripollet
29%
Rubí
29%
Sant Quirze del Vallès
29%
Castellet i la Gornal
26%
Molins de Rei
26%
San Just Desvern
26%
Tiana
26%
Vilassar de Mar
26%
Argentona
23%
Dosrius
23%
Igualada
23%
Premià de Dalt
23%
Premià de Mar
23%
Sant Feliu de Llobregat
23%
Vilassar de Dalt
23%
Villafranca del Penedès
23%
Abrera
20%
Berga
20%
Cabrera de Mar
20%
Cabrils
20%
Caldes d'Estrac
20%
Castellar del Vallès
20%
Castellar de n'Hug
20%
Castellbisbal
20%
El Papiol
20%
Fogars de la Selva
20%
Granollers
20%
La Llagosta
20%
Matadepera
20%
Moià
20%
Òrrius
20%
Piera
20%
Subirats
20%
Teià
20%
Tordera
20%
Vilanova del Camí
20%
Alella
17%
Arenys de Mar
17%
Arenys de Munt
17%
Bagà
17%
Calella
17%
Canet de Mar
17%
Canovelles
17%
Cardedeu
17%
Castellfollit de Riubregós
17%
Gallifa
17%
Gisclareny
17%
Jorba
17%
La Llacuna
17%
La Palma de Cervelló
17%
Les Franqueses del Vallès
17%
L'Estany
17%
Malgrat de Mar
17%
Manresa
17%
Martorell
17%
Martorelles
17%
Mollet del Vallès
17%
Montesquiu
17%
Montmeló
17%
Navarcles
17%
Navàs
17%
Òdena
17%
Olesa
17%
Olivella
17%
Palafolls
17%
Palau-solità i Plegamans
17%
Pallejà
17%
Pineda de Mar
17%
Puigdàlber
17%
Santa Coloma del Cervelló
17%
Sant Andreu de la Barca
17%
Sant Andreu de Llavaneres
17%
Santa Perpètua de Mogoda
17%
Santa Susanna
17%
Sant Cebrià de Vallalta
17%
Sant Celoni
17%
Sant Climent de Llobregat
17%
Sant Fost
17%
Sant Iscle de Vallalta
17%
Sant Joan Despí
17%
Sant Vicenç dels Horts
17%
Ullastrell
17%
Vallirana
17%
Vic
17%
Alpens
14%
Argençola
14%
Avinyó
14%
Avinyonet del Penedès
14%
Bellprat
14%
Bigues i Riells
14%
Borredà
14%
Cabrera d'Anoia
14%
Calaf
14%
Caldes de Montbui
14%
Canyelles
14%
Cardona
14%
Castellolí
14%
Castellví de Rosanes
14%
Centelles
14%
Cervelló
14%
El Pla del Penedès
14%
Esparreguera
14%
Fogars de Montclús
14%
Font-Rubí
14%
Gaià
14%
Gelida
14%
Granera
14%
Guardiola de Berguedà
14%
Gurb
14%
La Roca del Vallès
14%
Les Masies de Voltregà
14%
L'Esquirol
14%
Lluçà
14%
Manlleu
14%
Mediona
14%
Monistrol de Montserrat
14%
Montmajor
14%
Montmaneu
14%
Montornès del Vallès
14%
Montseny
14%
Mura
14%
Olèrdola
14%
Olesa de Bonesvalls
14%
Parets del Vallès
14%
Polinyà
14%
Pontons
14%
Prats de Lluçanès
14%
Puig-reig
14%
Rupit i Pruit
14%
Sallent
14%
Santa Cecília de Voltregà
14%
Santa Eulàlia de Riuprimer
14%
Santa Margarida de Montbui
14%
Santa Maria de Besora
14%
Santa Maria de Miralles
14%
Santa Maria d'Oló
14%
Sant Esteve de Palautordera
14%
Sant Feliu de Codines
14%
Sant Fruitós de Bages
14%
Sant Hipòlit de Voltregà
14%
Sant Llorenç
14%
Sant Mateu de Bages
14%
Sant Pere de Riudebitlles
14%
Sant Pol de Mar
14%
Sant Quirze de Besora
14%
Sant Sadurní d'Anoia
14%
Sant Sadurní d'Osormort
14%
Sant Vicenç de Montalt
14%
Sentmenat
14%
Tagamanent
14%
Torelló
14%
Torrelles de Foix
14%
Torrelles de Llobregat
14%
Vacarisses
14%
Viladecavalls
14%
Viver i Serrateix
14%
Aiguafreda
11%
Artés
11%
Balenyà
11%
Balsareny
11%
Calders
11%
Callús
11%
Calonge
11%
Cànoves i Samalús
11%
Capellades
11%
Capolat
11%
Castellbell i el Viral
11%
Castellcir
11%
Castell de l'Areny
11%
Castellfollit del Boix
11%
Castellgalí
11%
Castellterçol
11%
Castellví de la Marca
11%
Cercs
11%
Collbató
11%
Collsuspina
11%
Corbera de Llobregat
11%
El Bruc
11%
El Brull
11%
Els Hostalets de Pierola
11%
Figaró-Montmany
11%
Fonollosa
11%
Gironella
11%
Gualba
11%
La Garriga
11%
La Granada
11%
L'Ametlla del Vallès
11%
La Nou de Berguedà
11%
La Quar
11%
Les Cabanyes
11%
Les Masies de Roda
11%
L'Espunyola
11%
Lliçà d'Amunt
11%
Lliçà de Vall
11%
Malla
11%
Masquefa
11%
Monistrol de Calders
11%
Muntanyola
11%
Olost
11%
Olvan
11%
Orís
11%
Oristà
11%
Orpí
11%
Perafita
11%
Pujalt
11%
Rajadell
11%
Rellinars
11%
Roda de Ter
11%
Sagàs
11%
Santa Eugènia
11%
Santa Eulàlia de Ronçana
11%
Sant Agustí de Lluçanès
11%
Santa Margarida i els Monjos
11%
Santa Maria de Martorelles
11%
Santa Maria de Palautordera
11%
Sant Bartomeu del Grau
11%
Sant Boi de Lluçanès
11%
Sant Esteve Sesrovires
11%
Sant Jaume de Frontanyà
11%
Sant Joan de Vilatorrada
11%
Sant Julià de Cerdanyola
11%
Sant Llorenç d'Hortons
11%
Sant Martí de Centelles
11%
Sant Martí de Tous
11%
Sant Martí Sarroca
11%
Sant Martí Sesgueioles
11%
Santpedor
11%
Sant Pere de Torelló
11%
Sant Pere de Vilamajor
11%
Sant Quirze Safaja
11%
Sant Vicenç de Castellet
11%
Sant Vicenç de Torelló
11%
Satn Quintí de Mediona
11%
Sobremunt
11%
Sora
11%
Súria
11%
Talamanca
11%
Taradell
11%
Tavèrnoles
11%
Tavertet
11%
Tona
11%
Torrelavit
11%
Vallbona
11%
Vallgorguina
11%
Veciana
11%
Vilalba Sasserra
11%
Vilanova del Vallès
11%
Vilanova de Sau
11%
Vilobí del Penedès
11%
Aguilar de Segarra
9%
Avià
9%
Calldetenes
9%
Campins
9%
Carme
9%
Casserres
9%
Castellar del Riu
9%
Castellnou de Bages
9%
Copons
9%
El Pont de Vilomara i Rocafort
9%
Els Prats de Rei
9%
Fígols
9%
La Pobla de Claramunt
9%
La Pobla de Lillet
9%
La Torre de Claramunt
9%
Llinars del Vallès
9%
Marganell
9%
Montclar
9%
Pacs del Penedès
9%
Rubió
9%
Saldes
9%
Santa Fe del Penedès
9%
Santa Maria de Merlès
9%
Sant Antoni de Vilamajor
9%
Sant Cugat de Sesgarrigues
9%
Sant Feliu Sasserra
9%
Sant Julià de Vilatorta
9%
Sant Martí d'Albars
9%
Sant Pere Sallavinera
9%
Sant Salvador
9%
Seva
9%
Vallcebre
9%
Vallromanes
9%
Vilada
9%
Folgueroles
6%
No se encontraron pruebas coincidentes
Distribución de puntuación
Porcentaje de gente con cada puntuación
Porcentaje por número respondido
Historial de tus puntuaciones
No has intentado esta prueba.